000 00521cam a2200193ua 4500
001 2687
008 161129n II |||gr||||Z||||||ben
040 _aMAIN
041 _aEnglish
082 _a491 BIS
100 _aBISWAS , RATAN.
245 _aUTTAR BANGER BHASA (A COLLECTION OF ESSAYS ON THE LANGUAGE OF NORTH -BENGAL
250 _a1ST.
260 _aKOLKATA:
_bBOIUWALA,
_c2004.
300 _a614:
_c21CM.
653 _aEast Indo-European & Celtic languages
700 _aBISWAS , RATAN.,
_eAUTHOR.
942 _cBK
999 _c2681
_d2681